Karl Marx : (Record no. 5403)
[ view plain ]
| 000 -LEADER | |
|---|---|
| fixed length control field | 01291cam a22003131 4500 |
| 001 - CONTROL NUMBER | |
| control field | 5403 |
| 003 - CONTROL NUMBER IDENTIFIER | |
| rucl marc code | BD-RjUL |
| 005 - DATE AND TIME OF LATEST TRANSACTION | |
| control field | 20211208234048.0 |
| 008 - FIXED-LENGTH DATA ELEMENTS--GENERAL INFORMATION | |
| fixed length control field | 131226s19511936enk 001 0 eng |
| 035 ## - SYSTEM CONTROL NUMBER | |
| System control number | (BD-RjUL)5439 |
| System control number | (OCoLC)8878466 |
| 040 ## - CATALOGING SOURCE | |
| Original cataloging agency | DLC |
| Transcribing agency | ICarbS |
| Modifying agency | ICarbS |
| -- | OCoLC |
| -- | DLC |
| Language of cataloging | eng |
| 041 1# - LANGUAGE CODE | |
| Language code of text/sound track or separate title | eng |
| Language code of original | und |
| 082 ## - DEWEY DECIMAL CLASSIFICATION NUMBER | |
| Classification number | 335.4092 |
| Author mark and year | MEK 1951 |
| 100 1# - MAIN ENTRY--PERSONAL NAME | |
| Personal name | Mehring, Franz, |
| Dates associated with a name | 1846-1919. |
| 9 (RLIN) | 16982 |
| 245 10 - TITLE STATEMENT | |
| Title | Karl Marx : |
| Remainder of title | the story of his life / |
| Statement of responsibility, etc. | by Franz Mehring; with illustrations and facsimile reproductions, notes by the author, an appendix prepared under the direction of Eduard Fuchs on the basis of the researches of the Marx-Engels institute, a bibliography and an index. Translated by Edward Fitzgerald. |
| 260 ## - PUBLICATION, DISTRIBUTION, ETC. (IMPRINT) | |
| Place of publication, distribution, etc. | London : |
| Name of publisher, distributor, etc. | John Lane, |
| Date of publication, distribution, etc. | c1936 [reprinted 1951,1966] |
| 300 ## - PHYSICAL DESCRIPTION | |
| Pagination | 2 p. l., vii-xxi p., 1 l., 575 p. |
| Illustrations | front. (port.) illus. (facsims.) pl. |
| Size | 23 cm. |
| 500 ## - GENERAL NOTE | |
| General note | "Notes as to sources": p. 533-538. |
| 504 ## - BIBLIOGRAPHY, ETC. NOTE | |
| Bibliography, etc | Bibliography: p. 557-565. |
| 520 ## - SUMMARY, ETC. | |
| Summary, etc. | includes index |
| 526 ## - STUDY PROGRAM INFORMATION NOTE | |
| Requested Dept. | History |
| 600 10 - SUBJECT ADDED ENTRY--PERSONAL NAME | |
| Personal name | Marx, Karl, |
| Dates associated with a name | 1818-1883. |
| 700 1# - ADDED ENTRY--PERSONAL NAME | |
| Personal name | FitzGerald, Edward, |
| Relator term | tr. |
| Personal name | Fuchs, Eduard, |
| Dates associated with a name | 1870-1940. |
| 710 2# - ADDED ENTRY--CORPORATE NAME | |
| Corporate name or jurisdiction name as entry element | Institut K. Marksa i F. Ėngelʹsa. |
| 9 (RLIN) | 16985 |
| 942 ## - ADDED ENTRY ELEMENTS (KOHA) | |
| Source of classification or shelving scheme | Dewey Decimal Classification |
| Koha item type | Books |
| Lost status | Source of classification or shelving scheme | Damaged status | Not for loan | Collection code | Permanent Location | Current Location | Date acquired | Source of acquisition | Cost, normal purchase price | Total Checkouts | Full call number | Date last seen | Copy number | Koha item type | Shelving location |
|---|---|---|---|---|---|---|---|---|---|---|---|---|---|---|---|
| Dewey Decimal Classification | Non-fiction | Central Library, University of Rajshahi | Central Library, University of Rajshahi | 02/12/1967 | Ideal library | 22.50 | 335.4092 MEK 1951 | 26/12/2013 | C-4 | Books | |||||
| Dewey Decimal Classification | Non-fiction | Central Library, University of Rajshahi | Central Library, University of Rajshahi | 08/12/1965 | Zeitlinger | 25.00 | 335.4092 MEK 1951 | 27/06/2016 | C-2 | Books | |||||
| Dewey Decimal Classification | Non-fiction | Central Library, University of Rajshahi | Central Library, University of Rajshahi | 18/09/1967 | Sweets & Zeitlinger | 42.00 | 335.4092 MEK 1966 | 05/09/2016 | C-3 | Books |